000
00254pab a2200109 454500
008
180718b xxu||||| |||| 00| 0 eng d
100
_a
Rai, Lajpat
245
_a
Reflections on Soviet events
650
_a
USSR - Politics
773
_a
Mainstream
909
_a
2822
999
_c
2822
_d
2822